[Event "9th EUROPEAN  INDIVIDUAL  WOME"]
[Site "Plovdiv, Bulgaria"]
[Date "2008.04.25"]
[Round "5"]
[Board "1"]
[White "Gvetadze, Sopio"]
[Black "Paehtz, Elisabeth"]
[Result "0-1"]
[WhiteElo "2350"]
[BlackElo "2449"]
[PlyCount "82"]
[EventDate "2008.04.21"]
[EventRounds "11"]
[EventCountry "BUL"]

1.e4 e5 2.Nf3 Nc6 3.Bb5 a6 4.Ba4 Nf6 5.d3 d6 6.c3 g6 7.d4 Bd7 8.O-O Bg7 9.Re1
O-O 10.Bg5 Qe8 11.Bb3 h6 12.Bxf6 Bxf6 13.dxe5 dxe5 14.Nbd2 Kg7 15.Nc4 b5 16.Ne3
Na5 17.Bc2 Be6 18.Qe2 c6 19.b3 Qb8 20.h4 h5 21.Ng5 Nb7 22.Nf5+ Kg8 23.g4 Nd6
24.Rad1 Ne8 25.gxh5 gxf5 26.exf5 Bc8 27.h6 Kh8 28.Qh5 Ra7 29.Re3 Nd6 30.Nf3 Re7
31.h7 Ne8 32.Kh1 e4 33.Bxe4 Qf4 34.Nd2 Ng7 35.Qe2 Qxh4+ 36.Kg2 Bxf5 37.Rh1 Qf4
38.Bxc6 Qg5+ 39.Kf1 Rxe3 40.fxe3 Bxc3 41.Nf3 Qf6

[Event "9th EUROPEAN  INDIVIDUAL  WOME"]
[Site "Plovdiv, Bulgaria"]
[Date "2008.04.25"]
[Round "5"]
[Board "1"]
[White "Nemcova, Katerina"]
[Black "Skripchenko, Almira"]
[Result "1/2-1/2"]
[WhiteElo "2344"]
[BlackElo "2443"]
[PlyCount "24"]
[EventDate "2008.04.21"]
[EventRounds "11"]
[EventCountry "BUL"]

1.e4 e5 2.Nf3 Nc6 3.Bb5 a6 4.Ba4 Nf6 5.O-O Be7 6.Re1 b5 7.Bb3 d6 8.c3 O-O 9.h3
Na5 10.Bc2 d5 11.d4 Nxe4 12.Nxe5 f6

[Event "9th EUROPEAN  INDIVIDUAL  WOME"]
[Site "Plovdiv, Bulgaria"]
[Date "2008.04.25"]
[Round "5"]
[Board "1"]
[White "Dembo, Yelena"]
[Black "Muzychuk, Mariya"]
[Result "1/2-1/2"]
[WhiteElo "2429"]
[BlackElo "2387"]
[PlyCount "65"]
[EventDate "2008.04.21"]
[EventRounds "11"]
[EventCountry "BUL"]

1.e4 d5 2.exd5 Nf6 3.Nf3 Nxd5 4.d4 g6 5.c4 Nb6 6.c5 Nd5 7.Bc4 Bg7 8.Nc3 c6 9.O-O
O-O 10.Re1 Be6 11.Bb3 b6 12.cxb6 axb6 13.Bg5 h6 14.Bh4 Nd7 15.Qd2 Nc7 16.Bxe6
Nxe6 17.Rad1 Ra5 18.Qe3 Re8 19.a3 Qa8 20.Bg3 Qb7 21.Qd3 Nc7 22.Ne5 Nxe5 23.dxe5
Nd5 24.Ne4 Raa8 25.h4 Qc8 26.Nc3 Nxc3 27.Qxc3 Qe6 28.Qd4 b5 29.Qc5 Red8 30.Rc1
Rac8 31.Red1 Rd7 32.Kh2 h5 33.Rd4

[Event "9th EUROPEAN  INDIVIDUAL  WOME"]
[Site "Plovdiv, Bulgaria"]
[Date "2008.04.25"]
[Round "5"]
[Board "1"]
[White "Matveeva, Svetlana"]
[Black "Khukhashvili, Sopiko"]
[Result "1/2-1/2"]
[WhiteElo "2420"]
[BlackElo "2371"]
[PlyCount "61"]
[EventDate "2008.04.21"]
[EventRounds "11"]
[EventCountry "BUL"]

1.d4 Nf6 2.c4 e6 3.Nc3 Bb4 4.Qc2 O-O 5.a3 Bxc3+ 6.Qxc3 d6 7.g3 e5 8.dxe5 dxe5
9.Bg2 Nc6 10.Bxc6 bxc6 11.Qxe5 Re8 12.Qa5 {Diagram #} Qd3 13.Qc3 Qxc3+ 14.bxc3
Ba6 15.f3 Bxc4 16.Kf2 Nd5 17.e4 Nxc3 18.Bd2 Na4 19.Rc1 Bb5 20.Ne2 Nb2 21.Nf4
Rad8 22.Bc3 Nc4 23.Rhd1 Ba4 24.Rd4 Nb6 25.Nd3 Bb5 26.Nc5 Rxd4 27.Bxd4 Rd8 28.Bc3
Na4 29.Nxa4 Bxa4 30.Ke3 g6 31.Bd4

[Event "9th EUROPEAN  INDIVIDUAL  WOME"]
[Site "Plovdiv, Bulgaria"]
[Date "2008.04.25"]
[Round "5"]
[Board "1"]
[White "Mkrtchian, Lilit"]
[Black "Stepovaia, Tatiana"]
[Result "1-0"]
[WhiteElo "2413"]
[BlackElo "2378"]
[PlyCount "117"]
[EventDate "2008.04.21"]
[EventRounds "11"]
[EventCountry "BUL"]

1.e4 e5 2.Nf3 Nf6 3.d4 Nxe4 4.Bd3 d5 5.Nxe5 Nd7 6.Nxd7 Bxd7 7.O-O Bd6 8.Nc3 Nxc3
9.bxc3 O-O 10.Qh5 f5 11.Re1 Qf6 12.Qf3 Qf7 13.Bf4 Rae8 14.h3 g6 15.Reb1 Bxf4
16.Qxf4 Bc6 17.Re1 Rxe1+ 18.Rxe1 Re8 19.Re5 b6 20.h4 Rxe5 21.Qxe5 h5 22.Kh2 Kh7
23.Kg3 Qg7 24.Qe6 Bb7 25.Kf4 c5 26.Qe5 Qh6+ 27.Kg3 Qg7 28.Kf4 Qh6+ 29.Kf3 Qg7
30.Qe3 Qc7 31.g3 Bc8 32.Qe8 Kg7 33.Ke3 Bb7 34.Qe6 Bc6 35.Kd2 Qd7 36.Qe5+ Kh7
37.Ke3 Ba4 38.Kd2 cxd4 39.cxd4 Bb5 40.Bxb5 Qxb5 41.Qe7+ Kh6 42.Qf8+ Kh7 43.Qf7+
Kh6 44.Qg8 Qb4+ 45.c3 Qb2+ 46.Kd1 Qb1+ 47.Ke2 Qc2+ 48.Kf1 Qc1+ 49.Kg2 g5 50.Qe6+
Kg7 51.Qxf5 gxh4 52.gxh4 Qxc3 53.Qe5+ Kf8 54.Qxd5 Qa3 55.Qf3+ Qxf3+ 56.Kxf3 Ke7
57.Ke4 Kd6 58.f4 b5 59.d5

[Event "9th EUROPEAN  INDIVIDUAL  WOME"]
[Site "Plovdiv, Bulgaria"]
[Date "2008.04.25"]
[Round "5"]
[Board "1"]
[White "Zakurdjaeva, Irina"]
[Black "Bojkovic, Natasa"]
[Result "0-1"]
[WhiteElo "2296"]
[BlackElo "2434"]
[PlyCount "62"]
[EventDate "2008.04.21"]
[EventRounds "11"]
[EventCountry "BUL"]

1.e4 c5 2.Nf3 e6 3.d4 cxd4 4.Nxd4 a6 5.Bd3 Nf6 6.Qe2 d6 7.c4 Nbd7 8.Nc3 b6 9.O-O
Bb7 10.b3 g6 11.Bb2 Bg7 12.Rad1 O-O 13.Bb1 Qc7 14.Qd2 Rfd8 15.Rc1 Rac8 16.Kh1
Qb8 17.f4 Nc5 18.Rce1 b5 19.cxb5 d5 20.e5 Nfe4 21.Qe3 Nxc3 22.Bxc3 axb5 23.Rc1
b4 24.Bxb4 Ba6 25.Bxc5 Bxf1 26.b4 Bc4 27.a4 Bf8 28.Bxf8 Rxf8 29.Qd2 Bd3 {Diagram
#} 30.Bxd3 Qxb4 31.Qd1 Qxd4

[Event "9th EUROPEAN  INDIVIDUAL  WOME"]
[Site "Plovdiv, Bulgaria"]
[Date "2008.04.25"]
[Round "5"]
[Board "1"]
[White "Socko, Monika"]
[Black "Demina, Julia"]
[Result "1/2-1/2"]
[WhiteElo "2505"]
[BlackElo "2337"]
[PlyCount "94"]
[EventDate "2008.04.21"]
[EventRounds "11"]
[EventCountry "BUL"]

1.d4 Nf6 2.c4 e6 3.Nf3 Bb4+ 4.Nbd2 O-O 5.a3 Be7 6.e4 d5 7.Bd3 c5 8.e5 Nfd7 9.O-O
Nc6 10.Re1 a5 11.cxd5 exd5 12.Qc2 h6 13.Bf5 cxd4 14.Nb3 Qb6 15.Bxd7 Bxd7 16.Qd3
a4 17.Nbxd4 Nxd4 18.Nxd4 Rac8 19.Rb1 Rc4 20.Be3 Qa6 21.Rbd1 Rfc8 22.h3 Bf8
23.Kh1 Qb6 24.Re2 Qc7 25.Bf4 Qb6 26.Be3 Qc7 27.f4 Bc5 28.Nf5 Bxf5 29.Qxf5 Bxe3
30.Rxe3 Rc1 31.Ree1 Rxd1 32.Rxd1 Qc2 33.Qg4 Rc6 34.Qf3 Qxb2 35.Rxd5 Rc1+ 36.Kh2
Qb6 37.Rd3 Qg1+ 38.Kg3 Qe1+ 39.Qf2 Qxf2+ 40.Kxf2 Kf8 41.Ke3 Rc4 42.g4 b5 43.f5
Ke7 44.Rd4 Rc3+ 45.Rd3 Rc4 46.Rd4 Rc3+ 47.Rd3 Rc4

[Event "9th EUROPEAN  INDIVIDUAL  WOME"]
[Site "Plovdiv, Bulgaria"]
[Date "2008.04.25"]
[Round "5"]
[Board "1"]
[White "Peng, Zhaoqin"]
[Black "Benderac, Ana"]
[Result "1-0"]
[WhiteElo "2455"]
[BlackElo "2334"]
[PlyCount "57"]
[EventDate "2008.04.21"]
[EventRounds "11"]
[EventCountry "BUL"]

1.d4 d6 2.Nf3 Bg4 3.g3 c6 4.Bg2 Nd7 5.c4 e5 6.Nc3 Ngf6 7.O-O Qc7 8.h3 Bh5 9.Nh4
h6 10.b4 g5 11.Nf5 Bg6 12.e4 d5 13.cxd5 Bxb4 14.Qb3 Qa5 15.Bb2 Bxf5 16.dxc6 bxc6
17.exf5 O-O 18.dxe5 Nxe5 19.Ne4 Nxe4 20.Bxe4 Bd6 21.Rfd1 Rfd8 22.Bc3 Qc7 23.Rac1
Rab8 24.Qa4 Bc5 25.Kg2 Rxd1 26.Rxd1 Re8 27.Bc2 Qb6 28.Qe4 Qb8 29.Re1

[Event "9th EUROPEAN  INDIVIDUAL  WOME"]
[Site "Plovdiv, Bulgaria"]
[Date "2008.04.25"]
[Round "5"]
[Board "1"]
[White "Ovod, Evgenija"]
[Black "Romanko, Marina"]
[Result "1/2-1/2"]
[WhiteElo "2437"]
[BlackElo "2325"]
[PlyCount "86"]
[EventDate "2008.04.21"]
[EventRounds "11"]
[EventCountry "BUL"]

1.d4 d5 2.c4 c6 3.Nf3 Nf6 4.Nc3 e6 5.Bg5 Nbd7 6.e3 Qa5 7.cxd5 Nxd5 8.Qd2 Bb4
9.Rc1 h6 10.Bh4 c5 11.a3 Bxc3 12.bxc3 b6 13.c4 Qxd2+ 14.Nxd2 N5f6 15.Bd3 Bb7
16.f3 Ke7 17.Ke2 Rac8 18.Bf2 Bc6 19.h4 g5 20.g4 Bb7 21.Rcg1 Rhg8 22.hxg5 hxg5
23.Rh6 Rh8 24.Rxh8 Rxh8 25.f4 gxf4 26.exf4 cxd4 27.g5 Ne8 28.Bxd4 Rh2+ 29.Kd1
Nc5 30.Bc2 Nd6 31.g6 fxg6 32.Rxg6 Rh1+ 33.Rg1 Rxg1+ 34.Bxg1 Ba6 35.Bxc5 bxc5
36.Bd3 Kf6 37.Kc2 e5 38.fxe5+ Kxe5 39.Kc3 Ke6 40.Nb1 Nb7 41.Be4 Nd6 42.Bd5+ Ke7
43.Nd2 Bb7

[Event "9th EUROPEAN  INDIVIDUAL  WOME"]
[Site "Plovdiv, Bulgaria"]
[Date "2008.04.25"]
[Round "5"]
[Board "1"]
[White "Melia, Salome"]
[Black "Galojan, Lilit"]
[Result "1-0"]
[WhiteElo "2413"]
[BlackElo "2324"]
[PlyCount "145"]
[EventDate "2008.04.21"]
[EventRounds "11"]
[EventCountry "BUL"]

1.e4 e5 2.Bc4 Nf6 3.d4 exd4 4.Nf3 Bb4+ 5.c3 dxc3 6.bxc3 Bc5 7.e5 d5 8.exf6 dxc4
9.Qa4+ Nc6 10.Qxc4 Qd6 11.Qe4+ Kf8 12.fxg7+ Kxg7 13.O-O Bd7 14.Bf4 Qg6 15.Be5+
f6 16.Qd5 fxe5 17.Qxd7+ Qf7 18.Qg4+ Qg6 19.Qc4 Be7 20.Nbd2 Rhf8 21.Rab1 Rab8
22.Rfe1 Bd6 23.Re4 Kh8 24.Rg4 Qf7 25.Qe4 Qf5 26.Qa4 b5 27.Qe4 a6 28.Ng5 h6
29.Ngf3 Qxe4 30.Nxe4 Rg8 31.Rh4 Rg6 32.Rh5 Rbg8 33.Nh4 Re6 34.Nf5 Kh7 35.Re1
Rgg6 36.Re3 Ne7 37.Rf3 Nxf5 38.Rhxf5 Re7 39.Rf8 Kg7 40.Ra8 Ba3 41.Ng3 Rd7
42.Nh5+ Kh7 43.Kf1 Rd1+ 44.Ke2 Rgd6 45.Nf6+ Kg6 46.Ne4 Ra1 47.Nxd6 Rxa2+ 48.Kd3
Bxd6 49.Rg8+ Kh7 50.Rg4 a5 51.Rf7+ Kh8 52.Rfg7 h5 53.Rg8+ Kh7 54.R4g7+ Kh6 55.f3
Ra4 56.g4 hxg4 57.Rxg4 Rxg4 58.fxg4 a4 59.h4 a3 60.Ke4 Kh7 61.Rb8 Be7 62.h5 Kh6
63.Rxb5 a2 64.Ra5 Kg5 65.Kf3 Bf6 66.Kg3 c5 67.Rxa2 e4 68.Rf2 Be5+ 69.Kh3 Bxc3
70.Rf5+ Kh6 71.Rxc5 Bd2 72.Kg3 Bb4 73.Rc6+

[Event "9th EUROPEAN  INDIVIDUAL  WOME"]
[Site "Plovdiv, Bulgaria"]
[Date "2008.04.25"]
[Round "5"]
[Board "1"]
[White "Dworakowska, Joanna"]
[Black "Atalik, Ekaterina"]
[Result "0-1"]
[WhiteElo "2335"]
[BlackElo "2409"]
[PlyCount "52"]
[EventDate "2008.04.21"]
[EventRounds "11"]
[EventCountry "BUL"]

1.d4 Nf6 2.c4 e6 3.Nf3 d5 4.Nc3 Bb4 5.Qa4+ Nc6 6.e3 O-O 7.Qc2 Bd6 8.c5 Be7 9.h3
b6 10.a3 bxc5 11.dxc5 a5 12.Bb5 Na7 13.c6 Nxb5 14.Nxb5 Ba6 15.Nbd4 Ne4 16.Bd2
Nxd2 17.Qxd2 Bf6 18.Rc1 Qb8 19.Rc3 a4 20.Rc2 g6 21.Ne2 Bc4 22.h4 Qb6 23.h5 Rfb8
24.hxg6 hxg6 25.e4 Bxb2 26.Rc3 Bxe2

[Event "9th EUROPEAN  INDIVIDUAL  WOME"]
[Site "Plovdiv, Bulgaria"]
[Date "2008.04.25"]
[Round "5"]
[Board "1"]
[White "Akatova, Ekaterina"]
[Black "Zawadzka, Jolanta"]
[Result "0-1"]
[WhiteElo "2320"]
[BlackElo "2397"]
[PlyCount "92"]
[EventDate "2008.04.21"]
[EventRounds "11"]
[EventCountry "BUL"]

1.e4 c5 2.Nf3 d6 3.d4 cxd4 4.Nxd4 Nf6 5.Nc3 a6 6.f3 e6 7.Be3 b5 8.Qd2 Bb7 9.g4
Nfd7 10.O-O-O Nb6 11.Qf2 N8d7 12.Kb1 Rc8 13.h4 Rxc3 {Diagram #} 14.bxc3 Qc7
15.Qe1 Be7 16.g5 d5 17.e5 Na4 18.Bd2 Nxe5 19.f4 Nd7 20.Bd3 Ndc5 21.h5 Ne4
22.Bxe4 dxe4 23.g6 Bd5 24.gxf7+ Kxf7 25.f5 exf5 26.Rf1 Bf6 27.Rxf5 Qc4 28.Nb3
Rd8 29.h6 Be6 30.Rf1 Nxc3+ 31.Bxc3 Rxd1+ 32.Qxd1 Qxc3 33.Qd4 Qxd4 34.Nxd4 Bc4
35.Rf4 g5 36.Rxe4 Kg6 37.Ne6 Kxh6 38.Nc7 Kg6 39.Nxa6 Kf5 40.Nc5 g4 41.a4 g3
42.a5 g2 43.Re1 Bf1 44.a6 g1=Q 45.a7 Qf2 46.Re4 Bg2

[Event "9th EUROPEAN  INDIVIDUAL  WOME"]
[Site "Plovdiv, Bulgaria"]
[Date "2008.04.25"]
[Round "5"]
[Board "1"]
[White "Kadimova, Ilaha"]
[Black "Moser, Eva"]
[Result "1/2-1/2"]
[WhiteElo "2308"]
[BlackElo "2395"]
[PlyCount "114"]
[EventDate "2008.04.21"]
[EventRounds "11"]
[EventCountry "BUL"]

1.d4 e6 2.c4 f5 3.g3 Nf6 4.Bg2 d5 5.Nf3 c6 6.O-O Bd6 7.b3 Qe7 8.Bb2 b6 9.Ne5 Bb7
10.Nd2 O-O 11.Rc1 a5 12.Qc2 Na6 13.Rfd1 Rfc8 14.Qb1 Nb4 15.e3 Ne4 16.Nf1 Rf8
17.f3 Nf6 18.Nd2 Rac8 19.Re1 c5 20.Kh1 Nd7 21.f4 Nf6 22.Re2 Ne4 23.dxc5 Nxc5
24.cxd5 Bxd5 25.e4 fxe4 26.Nxe4 Bxe5 27.Bxe5 Nxe4 28.Bxe4 Rxc1+ 29.Qxc1 Qb7
30.Qe3 Rc8 31.Kg1 Bxe4 32.Qxe4 Qxe4 33.Rxe4 Nd3 34.Bd4 Rc1+ 35.Kg2 Rc2+ 36.Kh3
Nf2+ 37.Bxf2 Rxf2 38.Rxe6 Rxa2 39.Rxb6 a4 40.bxa4 Rxa4 41.Rb7 h6 42.Kg4 Ra5
43.f5 Rc5 44.Kf4 Ra5 45.g4 Ra4+ 46.Kg3 Ra2 47.h3 Ra6 48.Kh4 g6 49.Rc7 Rf6
50.fxg6 Rxg6 51.Kh5 Ra6 52.h4 Rb6 53.g5 hxg5 54.hxg5 Ra6 55.g6 Ra1 56.Rc8+ Kg7
57.Rc7+ Kg8

[Event "9th EUROPEAN  INDIVIDUAL  WOME"]
[Site "Plovdiv, Bulgaria"]
[Date "2008.04.25"]
[Round "5"]
[Board "1"]
[White "Vasilevich, Irina"]
[Black "Batsiashvili, Nino"]
[Result "0-1"]
[WhiteElo "2395"]
[BlackElo "2304"]
[PlyCount "120"]
[EventDate "2008.04.21"]
[EventRounds "11"]
[EventCountry "BUL"]

1.c4 e5 2.Nc3 Nc6 3.e3 Nf6 4.a3 g6 5.b4 Bg7 6.Bb2 O-O 7.d3 d5 8.cxd5 Nxd5 9.Nxd5
Qxd5 10.Ne2 Bg4 11.Nc3 Qd7 12.Be2 Bxe2 13.Qxe2 Rad8 14.Rd1 a5 15.bxa5 Nxa5
16.O-O f5 17.f4 exf4 18.Rxf4 Nc6 19.Na4 Ne5 20.Nc5 Qd5 21.d4 Nc4 22.Rc1 b5
23.Na6 Qf7 24.a4 c6 25.Nb4 Rc8 26.Nd3 Rfe8 27.Ne5 Nxe5 28.dxe5 bxa4 29.Rc5 a3
30.Ba1 Rb8 31.Rf1 a2 32.Qc2 Rb5 33.Rxc6 Bxe5 34.Ra6 Bxa1 35.Rxa1 Rbe5 36.R6xa2
Rxe3 37.Qf2 R3e7 38.h3 Qd5 39.Rd2 Qe5 40.Rdd1 Kg7 41.Ra7 Rxa7 42.Qxa7+ Re7
43.Rd7 Rxd7 44.Qxd7+ Kh6 45.Qd2+ f4 46.Qd1 Qe3+ 47.Kh1 Qg3 48.Qd2 Kh5 49.Qd4 Kh4
50.Kg1 h5 51.Qd8+ g5 52.Qd5 Qc3 53.Kh2 Qe3 54.Qd1 Qg3+ 55.Kg1 Qe3+ 56.Kh2 Qe5
57.Kg1 g4 58.hxg4 hxg4 59.Kh2 f3+ 60.Kg1 Kg3

[Event "9th EUROPEAN  INDIVIDUAL  WOME"]
[Site "Plovdiv, Bulgaria"]
[Date "2008.04.25"]
[Round "5"]
[Board "1"]
[White "Kachiani Gersinska, Ketino"]
[Black "Aginian, Nelly"]
[Result "1/2-1/2"]
[WhiteElo "2388"]
[BlackElo "2295"]
[PlyCount "126"]
[EventDate "2008.04.21"]
[EventRounds "11"]
[EventCountry "BUL"]

1.c4 c5 2.Nf3 Nf6 3.Nc3 d5 4.cxd5 Nxd5 5.d4 Nxc3 6.bxc3 g6 7.e4 Bg7 8.Be3 Qa5
9.Qd2 O-O 10.Rc1 Rd8 11.d5 Nc6 12.h3 e6 13.c4 Qxd2+ 14.Bxd2 Nd4 15.Nxd4 Bxd4
16.Bd3 b5 17.Ba5 Rd6 18.cxb5 exd5 19.exd5 Bb7 20.O-O Bxd5 21.a4 Bb3 22.Bc4 Bxa4
23.Rfe1 Rd7 24.Re2 Rb8 25.Rce1 Kg7 26.Re7 Bxb5 27.Rxd7 Bxd7 28.Re7 Be8 29.Bc7
Rc8 30.Ba6 Kf6 31.Rxf7+ Bxf7 32.Bxc8 Bc4 33.g4 Bd3 34.h4 Bb5 35.g5+ Kf7 36.Bg4
a6 37.h5 gxh5 38.Bxh5+ Ke6 39.Bg4+ Kf7 40.Bf5 Kg7 41.Bb6 h6 42.g6 Be8 43.Bd3 Bb5
44.Be4 h5 45.Kg2 Be8 46.Bd3 Bc6+ 47.f3 Bb7 48.Kg3 Kh6 49.f4 Bd5 50.Bxa6 Kxg6
51.Bd3+ Kg7 52.Be2 Kh6 53.Bf3 Bf7 54.Be4 Be8 55.Bd5 Bg6 56.Bc4 Be4 57.Be2 Bd5
58.Bf3 h4+ 59.Kg4 Bxf3+ 60.Kxf3 Kh5 61.Kg2 Kg4 62.f5 Kxf5 63.Kh3 Bf2

[Event "9th EUROPEAN  INDIVIDUAL  WOME"]
[Site "Plovdiv, Bulgaria"]
[Date "2008.04.25"]
[Round "5"]
[Board "1"]
[White "Juergens, Vera"]
[Black "Ciuksyte, Dagne"]
[Result "1/2-1/2"]
[WhiteElo "2302"]
[BlackElo "2380"]
[PlyCount "73"]
[EventDate "2008.04.21"]
[EventRounds "11"]
[EventCountry "BUL"]

1.d4 Nf6 2.Bg5 Ne4 3.Bf4 d5 4.e3 c5 5.Bd3 e6 6.Bxe4 dxe4 7.Nc3 cxd4 8.exd4 Bb4
9.Nge2 O-O 10.O-O f5 11.Nb5 Na6 12.c3 Be7 13.Ng3 Qb6 14.Qb3 Bd7 15.Nd6 Qxb3
16.axb3 Bc6 17.Rfe1 Rfd8 18.Nc4 Bd5 19.Be5 Bf6 20.Bxf6 gxf6 21.Nh5 Kf7 22.Nf4
Nc7 23.Re3 b5 24.Rh3 Kg8 25.Ne3 Bxb3 26.Ra3 Bd5 27.Nexd5 Nxd5 28.Nxe6 Rd6 29.Nc5
b4 30.Ra1 a5 31.Kf1 bxc3 32.bxc3 a4 33.c4 Nb6 34.Nxe4 fxe4 35.c5 Rxd4 36.cxb6
Rb4 37.Rha3

[Event "9th EUROPEAN  INDIVIDUAL  WOME"]
[Site "Plovdiv, Bulgaria"]
[Date "2008.04.25"]
[Round "5"]
[Board "1"]
[White "Kovanova, Baira"]
[Black "Tarasova, Viktoriya"]
[Result "1/2-1/2"]
[WhiteElo "2372"]
[BlackElo "2276"]
[PlyCount "43"]
[EventDate "2008.04.21"]
[EventRounds "11"]
[EventCountry "BUL"]

1.e4 e5 2.Nf3 Nc6 3.Nc3 Nf6 4.d4 exd4 5.Nxd4 Bb4 6.Nxc6 bxc6 7.Bd3 d5 8.exd5
cxd5 9.O-O O-O 10.Bg5 c6 11.Na4 Be6 12.a3 Bd6 13.b4 h6 14.Bh4 Be5 15.Rb1 Qc7
16.h3 Ne4 17.Qe2 g5 18.Bxe4 dxe4 19.Bg3 Bxg3 20.fxg3 Qxg3 21.Nc5 Qe5 22.Qxe4

[Event "9th EUROPEAN  INDIVIDUAL  WOME"]
[Site "Plovdiv, Bulgaria"]
[Date "2008.04.25"]
[Round "5"]
[Board "1"]
[White "Schuurman, Petra"]
[Black "Zimina, Olga"]
[Result "1/2-1/2"]
[WhiteElo "2295"]
[BlackElo "2363"]
[PlyCount "73"]
[EventDate "2008.04.21"]
[EventRounds "11"]
[EventCountry "BUL"]

1.d4 d6 2.Nf3 g6 3.c4 Bg7 4.e4 Nd7 5.Nc3 e5 6.Be2 Ne7 7.Be3 O-O 8.O-O exd4
9.Nxd4 Nc6 10.Qd2 Nc5 11.Nxc6 bxc6 12.b4 Ne6 13.Rac1 Re8 14.f4 a5 15.b5 c5 16.f5
Nd4 17.fxg6 hxg6 18.Bg5 f6 19.Bh6 Bb7 20.Bd3 Qe7 21.Rfe1 Bxh6 22.Qxh6 Qg7 23.Qf4
Rf8 24.b6 Rae8 25.bxc7 Qxc7 26.Re3 Re5 27.Rg3 Qg7 28.h4 Ne6 29.Qg4 Kh7 30.Rf1
Qh6 31.Rb1 Nf4 32.Nd5 Nxd3 33.Rxd3 Bxd5 34.exd5 Rfe8 35.Qd7+ R8e7 36.Qxd6 Qf4
37.Rf1

[Event "9th EUROPEAN  INDIVIDUAL  WOME"]
[Site "Plovdiv, Bulgaria"]
[Date "2008.04.25"]
[Round "5"]
[Board "1"]
[White "Golubenko, Valentina"]
[Black "Sedina, Elena"]
[Result "1-0"]
[WhiteElo "2253"]
[BlackElo "2356"]
[PlyCount "109"]
[EventDate "2008.04.21"]
[EventRounds "11"]
[EventCountry "BUL"]

1.d4 d5 2.c4 c6 3.Nf3 Nf6 4.e3 a6 5.Nc3 b5 6.c5 g6 7.Bd3 Bg7 8.e4 dxe4 9.Nxe4
Nxe4 10.Bxe4 Be6 11.O-O Bd5 12.Qc2 O-O 13.Re1 Ra7 14.Bf4 Bxe4 15.Qxe4 Qd5
16.Qxd5 cxd5 17.Bxb8 Rxb8 18.b4 e6 19.a4 Rab7 20.Reb1 g5 21.g4 Bf6 22.Kf1 Kg7
23.Ke2 bxa4 24.Rxa4 a5 25.Rxa5 Rxb4 26.Rxb4 Rxb4 27.c6 Rb2+ 28.Ke1 Rb8 29.Kd2
Rc8 30.Ra6 Kf8 31.Kc3 Be7 32.Kb3 Bd6 33.Nxg5 Rb8+ 34.Kc3 Bxh2 35.Ra7 Rc8
36.Rxf7+ Ke8 37.Rxh7 Rxc6+ 38.Kd3 Bf4 39.Nh3 Bd6 40.g5 e5 41.g6 Kf8 42.dxe5 Bxe5
43.f4 Ba1 44.f5 Rf6 45.Rh5 Ra6 46.Nf4 Ra4 47.Ne6+ Kg8 48.Rh7 Ra3+ 49.Kd2 Ra2+
50.Kd1 Be5 51.Rf7 Ra1+ 52.Kc2 Ra2+ 53.Kb3 Rb2+ 54.Ka3 Rb8 55.f6

[Event "9th EUROPEAN  INDIVIDUAL  WOME"]
[Site "Plovdiv, Bulgaria"]
[Date "2008.04.25"]
[Round "5"]
[Board "1"]
[White "Foisor, Sabina Francesca"]
[Black "Maksimovic, Suzana"]
[Result "1-0"]
[WhiteElo "2375"]
[BlackElo "2264"]
[PlyCount "59"]
[EventDate "2008.04.21"]
[EventRounds "11"]
[EventCountry "BUL"]

1.d4 Nf6 2.c4 e6 3.Nc3 Bb4 4.a3 Bxc3+ 5.bxc3 c5 6.f3 Nh5 7.Nh3 f5 8.e3 O-O 9.Bd3
Qh4+ 10.Nf2 Nc6 11.f4 Nf6 12.O-O b6 13.Rb1 d6 14.d5 Na5 15.e4 exd5 16.cxd5 fxe4
17.Nxe4 Nxe4 18.Bxe4 Ba6 19.g3 Qh3 20.Re1 Rae8 21.Rb2 Bc4 22.Rf2 g6 23.f5 Re5
24.Bf4 Rxe4 25.Rxe4 Qxf5 26.Qe1 Bxd5 27.Re8 Nc6 28.Bh6 Qxf2+ 29.Qxf2 Rxe8 30.Qf6

[Event "9th EUROPEAN  INDIVIDUAL  WOME"]
[Site "Plovdiv, Bulgaria"]
[Date "2008.04.25"]
[Round "5"]
[Board "1"]
[White "Raeva, Elitsa"]
[Black "Cosma, Elena Luminita"]
[Result "1/2-1/2"]
[WhiteElo "2258"]
[BlackElo "2374"]
[PlyCount "65"]
[EventDate "2008.04.21"]
[EventRounds "11"]
[EventCountry "BUL"]

1.d4 d5 2.c4 e6 3.Nf3 c6 4.Qc2 Nf6 5.Bf4 dxc4 6.Qxc4 b5 7.Qc2 Bb7 8.e4 Nbd7
9.Nbd2 a6 10.Bd3 c5 11.a4 c4 12.Be2 Bb4 13.O-O h6 14.Bg3 Qb6 15.Rfd1 Rc8 16.axb5
axb5 17.d5 exd5 18.e5 Nh7 19.b3 Nc5 20.bxc4 dxc4 21.Bxc4 O-O 22.Ba2 Ne4 23.Qb3
Bxd2 24.Nxd2 Rc3 25.Qb4 Nxg3 26.hxg3 Rxg3 27.Ne4 Bxe4 28.Qxe4 Ng5 29.Qf5 Nf3+
30.Kf1 Nh2+ 31.Kg1 Nf3+ 32.Kf1 Nh2+ 33.Kg1

[Event "9th EUROPEAN  INDIVIDUAL  WOME"]
[Site "Plovdiv, Bulgaria"]
[Date "2008.04.25"]
[Round "5"]
[Board "1"]
[White "Makropoulou, Marina"]
[Black "Molchanova, Tatjana"]
[Result "0-1"]
[WhiteElo "2254"]
[BlackElo "2359"]
[PlyCount "117"]
[EventDate "2008.04.21"]
[EventRounds "11"]
[EventCountry "BUL"]

1.e4 c6 2.d4 d5 3.Nc3 dxe4 4.Nxe4 Bf5 5.Ng3 Bg6 6.N1e2 e6 7.Nf4 Bd6 8.h4 Qc7
9.Nxg6 hxg6 10.Ne4 Bf4 11.g3 Bxc1 12.Qxc1 Nd7 13.Qe3 Ngf6 14.Ng5 Qa5+ 15.c3 Qd5
16.Rg1 Nb6 17.Bg2 Qa5 18.Bf3 Rd8 19.Qe2 Rxd4 20.b4 Qa3 21.cxd4 Qc3+ 22.Kf1 Qxa1+
23.Kg2 Qc3 24.b5 O-O 25.bxc6 bxc6 26.Qa6 Nbd5 27.Qxa7 Qd2 28.Rb1 Nh7 29.Bxd5
cxd5 30.Nf3 Qc2 31.Rb8 Qe4 32.Qa8 f6 33.Qa7 g5 34.Rb7 g4 35.Rxg7+ Kh8 36.Rxh7+
Qxh7 37.Qxh7+ Kxh7 38.Nh2 Ra8 39.Nxg4 Kg6 40.Ne3 Rxa2 41.Kf3 Rd2 42.Ng2 Rxd4
43.Nf4+ Kf7 44.g4 e5 45.Ne2 Rd3+ 46.Kg2 d4 47.h5 Ra3 48.Ng3 d3 49.Kf3 Ra4 50.Ke3
Rxg4 51.Kxd3 Ke6 52.Ke3 f5 53.Kd3 Rh4 54.Ke2 e4 55.Kd2 Ke5 56.Ke2 f4 57.Nf1 Rh1
58.h6 f3+ 59.Ke1

[Event "9th EUROPEAN  INDIVIDUAL  WOME"]
[Site "Plovdiv, Bulgaria"]
[Date "2008.04.25"]
[Round "5"]
[Board "1"]
[White "Worek, Joanna"]
[Black "Milliet, Sophie"]
[Result "0-1"]
[WhiteElo "2244"]
[BlackElo "2354"]
[PlyCount "218"]
[EventDate "2008.04.21"]
[EventRounds "11"]
[EventCountry "BUL"]

1.c4 Nf6 2.Nc3 e5 3.g3 d5 4.cxd5 Nxd5 5.Bg2 Nb6 6.Nf3 Nc6 7.O-O Be7 8.d3 Be6
9.a3 O-O 10.b4 a5 11.b5 Nd4 12.Bb2 Nd5 13.Nxd5 Bxd5 14.e4 Bb3 15.Qd2 Nxf3+
16.Bxf3 Bf6 17.a4 Re8 18.Bc3 c6 19.Rfb1 Be6 20.Be2 c5 21.b6 Bg5 22.Qe1 Qd6
23.Rb5 Ra6 24.Rxa5 Rxb6 25.Rb1 Bd7 26.Ra7 Rxb1 27.Qxb1 Bc6 28.a5 c4 29.dxc4 Qc5
30.Rxb7 Bxb7 31.Qxb7 Be3 32.Qb5 Bxf2+ 33.Kg2 Ra8 34.a6 Bg1 35.Be1 Qe3 36.c5 Qxc5
37.Qb7 Rd8 38.Qb3 Bd4 39.Bc4 Qe7 40.Qb7 Qxb7 41.axb7 Ba7 42.Bd5 g6 43.Ba5 Rd7
44.g4 Bb8 45.Bb4 Kg7 46.Kf3 f5 47.g5 f4 48.Bc3 h6 49.h4 hxg5 50.hxg5 Rd8 51.Bb4
Rh8 52.Kg2 Re8 53.Kf3 Kh7 54.Kg4 Kg7 55.Kf3 Rd8 56.Ba3 Rd7 57.Ke2 Kh8 58.Bf8 Rh7
59.Bh6 Rc7 60.Kd2 Rc5 61.Bf8 Ra5 62.Ke2 Ra1 63.Kf2 Rc1 64.Bb4 Kh7 65.Kf3 Rd1
66.Bc5 Rd3+ 67.Ke2 Rg3 68.Be7 Rg2+ 69.Kf3 Rg3+ 70.Ke2 Rh3 71.Bc5 Rh5 72.Be7 Kg7
73.Kf3 Rh3+ 74.Kg2 Rg3+ 75.Kf1 Kh7 76.Ke2 Rc3 77.Kd2 Rh3 78.Ke1 f3 79.Bc5 Rh2
80.Kf1 Rc2 81.Be3 Kg7 82.Be6 Re2 83.Bc5 Rxe4 {Diagram #} 84.Kf2 Rf4 85.Bd5 e4
86.Bd4+ Kh7 87.Bc4 Rf5 88.Ke3 Rxg5 89.Kxe4 Rf5 90.Bf2 Rf4+ 91.Kd3 Rf8 92.Be6
Rd8+ 93.Ke4 Re8 94.Kd5 Re7 95.Bg4 Re2 96.Bd4 Re7 97.Bc8 g5 98.Kc6 Rc7+ 99.Kb6
Rc1 100.Bc5 Kh6 101.Bg4 Rf1 102.Bh3 Rb1+ 103.Kc6 Kh5 104.Bf5 Rc1 105.Kd5 g4
106.Be4 Rd1+ 107.Ke6 Rd2 108.Bc6 f2 109.Bg2 Rd1

[Event "9th EUROPEAN  INDIVIDUAL  WOME"]
[Site "Plovdiv, Bulgaria"]
[Date "2008.04.25"]
[Round "5"]
[Board "1"]
[White "Franciskovic, Borka"]
[Black "Jackova, Jana"]
[Result "0-1"]
[WhiteElo "2240"]
[BlackElo "2345"]
[PlyCount "64"]
[EventDate "2008.04.21"]
[EventRounds "11"]
[EventCountry "BUL"]

1.c4 e5 2.Nc3 Nf6 3.Nf3 Nc6 4.e4 Bb4 5.d3 d6 6.g3 a6 7.Bg2 Bc5 8.O-O Rb8 9.a3
O-O 10.b4 Ba7 11.Be3 Bxe3 12.fxe3 b5 13.Nd5 Nxd5 14.cxd5 Ne7 15.Rc1 Bb7 16.Qb3
h6 17.Nh4 c6 18.dxc6 Bxc6 19.Ng6 Nxg6 20.Rxc6 Rc8 21.Rxa6 Qg5 22.Re1 Rc1 23.Rf1
Qxe3+ 24.Kh1 Rxf1+ 25.Bxf1 Rc8 26.Qa2 Rc1 27.Qg2 Qxd3 28.Kg1 Nf8 29.Ra8 Qe3+
30.Qf2 Qxe4 31.Ra7 f5 32.Qd2 Rc2